[Event "37th Reykjavik op"]
[Site "Reykjavik ISL"]
[Date "2024.03.20"]
[Round "8.14"]
[White "Sanal, Vahap"]
[Black "Ruiz Buendia, Miguel"]
[WhiteElo "2558"]
[BlackElo "2366"]
[Result "1-0"]
[EventDate "2024.03.15"]
[PlyCount "155"]

1. Nf3 {[%eval 2,0]} d5 {[%eval 2,0]} 2. e3 {[%eval 4,0]} Nf6 {[%eval 5,0]} 3.
b3 {[%eval 9,0]} Bf5 {[%eval 0,0]} 4. Bb2 {[%eval 0,0]} e6 {[%eval 0,0]} 5. Be2
{[%eval 3,0]} h6 {[%eval 0,0]} 6. c4 {[%eval 3,0]} Nbd7 {[%eval 14,0]} 7. cxd5
{[%eval 2,0]} exd5 {[%eval 17,0]} 8. d3 {[%eval 21,0]} Bd6 {[%eval 26,0]} 9.
Nbd2 {[%eval 29,0]} O-O {[%eval 31,0]} 10. O-O {[%eval 28,0]} Re8 {[%eval 21,0]
} 11. Re1 {[%eval 27,0]} Bg6 {[%eval 28,0]} 12. a3 {[%eval 27,0]} Ne5 {[%eval
18,0]} 13. Nxe5 {[%eval 24,0]} Bxe5 {[%eval 23,0]} 14. Bxe5 {[%eval 21,0]} Rxe5
{[%eval 23,0]} 15. Nf3 {[%eval 2,0]} Re7 {[%eval 21,0]} 16. b4 {[%eval 2,0]}
Ne8 {[%eval 33,0]} 17. Qb3 {[%eval 21,0]} a6 {[%eval 24,0]} 18. a4 {[%eval 29,
0]} c6 {[%eval 32,0]} 19. Rec1 {[%eval 15,0]} Bh5 {[%eval 12,0]} 20. Nd4 {
[%eval 11,0]} Bxe2 {[%eval 12,0]} 21. Nxe2 {[%eval 13,0]} Nd6 {[%eval 13,0]}
22. Nd4 {[%eval 14,0]} Rc7 {[%eval 22,0]} 23. Rc5 {[%eval 25,0]} Qd7 {[%eval 3,
0]} 24. Rac1 {[%eval 26,0]} Rac8 {[%eval 17,0]} 25. Qa3 {[%eval 2,0]} Nf5 {
[%eval 13,0]} 26. Nxf5 {[%eval 12,0]} Qxf5 {[%eval 12,0]} 27. b5 {[%eval 3,0]}
axb5 {[%eval 31,0]} 28. axb5 {[%eval 35,0]} Qe5 {[%eval 39,0]} 29. Qa5 {
[%eval 36,0]} Qd6 {[%eval 42,0]} 30. g3 {[%eval 34,0]} h5 {[%eval 27,0]} 31. h4
{[%eval 26,0]} g6 {[%eval 28,0]} 32. Qc3 {[%eval 28,0]} Qe6 {[%eval 25,0]} 33.
Kg2 {[%eval 27,0]} Kh7 {[%eval 25,0]} 34. Rc2 {[%eval 32,0]} Kg8 {[%eval 25,0]}
35. Qd4 {[%eval 27,0]} Kh7 {[%eval 28,0]} 36. Qc3 {[%eval 27,0]} Kg8 {[%eval
28,0]} 37. Qd4 {[%eval 26,0]} Kh7 {[%eval 27,0]} 38. Ra2 {[%eval 24,0]} Kg8 {
[%eval 27,0]} 39. Ra4 {[%eval 25,0]} Kh7 {[%eval 29,0]} 40. Ra7 {[%eval 3,0]}
b6 $2 {[%eval 163,0] Mistake. Rd7 was best.} (40... Rd7 41. Ra4) 41. Rxc6 {
[%eval 152,0]} Qxc6 $6 {[%eval 243,0] Inaccuracy. Rxc6 was best.} (41... Rxc6
42. bxc6 Rxc6 43. Ra8 Qf6 44. Qxf6 Rxf6 45. Rd8 b5 46. Rb8 d4 47. Rxb5 dxe3 48.
fxe3) 42. bxc6 {[%eval 228,0]} Rxa7 {[%eval 272,0]} 43. Qxd5 {[%eval 258,0]}
Rac7 {[%eval 256,0]} 44. Qb3 $6 {[%eval 147,0] Inaccuracy. d4 was best.} (44.
d4 Kg8 45. Qe5 Rxc6 46. d5 Rc2 47. g4 Rd2 48. gxh5 gxh5 49. Qg5+ Kf8 50. Qxh5
Rc5) 44... Kg8 {[%eval 179,0]} 45. Qxb6 $6 {[%eval 99,0] Inaccuracy. d4 was
best.} (45. d4) 45... Rxc6 {[%eval 101,0]} 46. Qd4 {[%eval 113,0]} Rc1 {
[%eval 155,0]} 47. Qf4 {[%eval 103,0]} R8c2 {[%eval 152,0]} 48. d4 {[%eval 152,
0]} Rd1 {[%eval 141,0]} 49. Qb8+ {[%eval 135,0]} Kg7 {[%eval 128,0]} 50. Qe5+ {
[%eval 113,0]} Kg8 {[%eval 115,0]} 51. e4 {[%eval 115,0]} Rcd2 {[%eval 134,0]}
52. d5 {[%eval 158,0]} Rd3 $6 {[%eval 256,0] Inaccuracy. Rd4 was best.} (52...
Rd4 53. Kf3 R1d2 54. Qb8+ Kg7 55. Qd6 Kg8 56. Qc5 R4d3+ 57. Kf4 Re2 58. f3 Kg7
59. Qa7) 53. Qb8+ {[%eval 247,0]} Kg7 {[%eval 235,0]} 54. Qf4 $6 {[%eval 155,0]
Inaccuracy. Qe5+ was best.} (54. Qe5+ Kg8 55. g4 hxg4 56. h5 gxh5 57. Qg5+ Kf8
58. Qxh5 Kg8 59. Qf5 Re1 60. Qxg4+ Kh8) 54... Kg8 $6 {[%eval 226,0] Inaccuracy.
Rd4 was best.} (54... Rd4 55. Qe5+) 55. Qe5 {[%eval 235,0]} Rd4 {[%eval 219,0]}
56. Kf3 {[%eval 222,0]} R1d2 {[%eval 215,0]} 57. Qb8+ {[%eval 196,0]} Kg7 {
[%eval 232,0]} 58. Qe5+ {[%eval 232,0]} (58. Qa7) 58... Kg8 {[%eval 228,0]} 59.
Qf4 $6 {[%eval 151,0] Inaccuracy. Qe8+ was best.} (59. Qe8+ Kg7 60. Qb8 R4d3+
61. Kg2 Rd1 62. Qe5+ Kf8 63. g4 hxg4 64. Qh8+ Ke7 65. h5 gxh5) 59... R4d3+ $6 {
[%eval 219,0] Inaccuracy. Rb2 was best.} (59... Rb2 60. Ke3 Ra4 61. d6 Rb3+ 62.
Ke2 Rb6 63. Qe5 Ra2+ 64. Kd3 Rb1 65. Qf6 Re1 66. e5) 60. Kg2 {[%eval 178,0]}
Rd1 $6 {[%eval 262,0] Inaccuracy. Kg7 was best.} (60... Kg7 61. Kf1) 61. g4 {
[%eval 248,0]} hxg4 {[%eval 243,0]} 62. Qxg4 $4 {[%eval 6,0] Blunder. h5 was
best.} (62. h5 gxh5 63. Qg5+ Kf8 64. Qxh5 Kg7 65. Qxg4+ Kh7 66. Qh5+ Kg8 67. f3
Rb1 68. Kg3 Rb6) 62... Kf8 $4 {[%eval 286,0] Blunder. Rxd5 was best.} (62...
Rxd5) 63. h5 {[%eval 300,0]} gxh5 {[%eval 292,0]} 64. Qxh5 {[%eval 289,0]} Kg7
{[%eval 206,0]} 65. Qg5+ {[%eval 314,0]} Kf8 {[%eval 304,0]} 66. Qf6 {[%eval
296,0]} Kg8 {[%eval 294,0]} 67. f3 {[%eval 272,0]} R1d2+ {[%eval 341,0]} 68.
Kg3 {[%eval 331,0]} Rd1 {[%eval 341,0]} 69. Qg5+ {[%eval 329,0]} Kf8 {[%eval
318,0]} 70. Qh6+ {[%eval 342,0]} Kg8 {[%eval 335,0]} 71. Qg5+ {[%eval 302,0]}
Kf8 {[%eval 266,0]} 72. Kf4 {[%eval 289,0]} Ke8 $6 {[%eval 375,0] Inaccuracy.
Rh1 was best.} (72... Rh1 73. Qf5 Rh6 74. Qc8+ Kg7 75. Ke5 Ra3 76. f4 Raa6 77.
Qd7 Rh5+ 78. Kd4 Rh4 79. Qe7) 73. Qh5 {[%eval 341,0]} Rf1 $6 {[%eval 431,0]
Inaccuracy. Rb1 was best.} (73... Rb1 74. Kf5 Rb4 75. Ke5 Rb6 76. Qh8+ Ke7 77.
Qc8 Rdb3 78. Qc7+ Kf8 79. d6 Kg7 80. Qe7) 74. Qh3 {[%eval 413,0]} Rfd1 {
[%eval 485,0]} 75. Ke5 {[%eval 506,0]} Ke7 {[%eval 483,0]} 76. Qh4+ {[%eval
483,0]} Ke8 $4 {[%eval 32752,0] Checkmate is now unavoidable. Kf8 was best.} (
76... Kf8 77. Qh8+ Ke7 78. f4 Kd7 79. Qf6 Kc7 80. Qxf7+ Kb6 81. f5 R1d2 82. f6
Rf3 83. Qe6+) 77. Kd6 {[%eval 32754,0]} f5 78. Qe7# 1-0

[Event "37th Reykjavik op"]
[Site "Reykjavik ISL"]
[Date "2024.03.20"]
[Round "8.15"]
[White "Lu, Maximillian"]
[Black "Galperin, Platon"]
[WhiteElo "2375"]
[BlackElo "2555"]
[Result "1/2-1/2"]
[EventDate "2024.03.15"]
[PlyCount "84"]

1. d4 {[%eval 17,0]} Nf6 {[%eval 16,0]} 2. c4 {[%eval 16,0]} g6 {[%eval 37,0]}
3. Nf3 {[%eval 3,0]} Bg7 {[%eval 13,0]} 4. g3 {[%eval 0,0]} O-O {[%eval 12,0]}
5. Bg2 {[%eval 1,0]} d6 {[%eval 43,0]} 6. Nc3 {[%eval 27,0]} Nbd7 {[%eval 62,0]
} 7. O-O {[%eval 46,0]} e5 {[%eval 71,0]} 8. h3 {[%eval 6,0]} Re8 {[%eval 57,0]
} 9. e4 {[%eval 56,0]} exd4 {[%eval 66,0]} 10. Nxd4 {[%eval 58,0]} Nc5 {
[%eval 53,0]} 11. Re1 {[%eval 66,0]} h6 {[%eval 61,0]} 12. Rb1 {[%eval 58,0]}
a5 {[%eval 39,0]} 13. Ndb5 {[%eval 36,0]} Bd7 {[%eval 34,0]} 14. Qc2 {[%eval
42,0]} Bxb5 $6 {[%eval 117,0] Inaccuracy. Qc8 was best.} (14... Qc8 15. Kh2)
15. cxb5 {[%eval 123,0]} Nfd7 {[%eval 126,0]} 16. Be3 {[%eval 122,0]} h5 {
[%eval 135,0]} 17. Rbd1 {[%eval 134,0]} h4 {[%eval 126,0]} 18. g4 {[%eval 143,
0]} g5 {[%eval 104,0]} 19. Qc1 {[%eval 126,0]} Bxc3 {[%eval 126,0]} 20. bxc3 $6
{[%eval 5,0] Inaccuracy. Qxc3 was best.} (20. Qxc3 Ne6 21. e5 Nxe5 22. Bxb7 a4
23. Bc6 Rb8 24. Ba7 Nxc6 25. Qxc6 Rc8 26. Rd5 Nf4) 20... Ne6 {[%eval 46,0]} 21.
e5 {[%eval 0,0]} Nxe5 {[%eval 0,0]} 22. Bxb7 {[%eval 18,0]} Rb8 {[%eval 14,0]}
23. Bd5 {[%eval 25,0]} Qf6 {[%eval 9,0]} 24. Rf1 $2 {[%eval -71,0] Mistake. c4
was best.} (24. c4) 24... Rxb5 {[%eval -98,0]} 25. c4 {[%eval -62,0]} Rb2 {
[%eval -79,0]} 26. f4 {[%eval -54,0]} gxf4 {[%eval -69,0]} 27. Bxf4 {[%eval
-76,0]} Reb8 {[%eval 89,0]} 28. Bh2 {[%eval 8,0]} Qg7 {[%eval 88,0]} 29. Qe3 {
[%eval -100,0]} Qg5 $6 {[%eval 25,0] Inaccuracy. Rc2 was best.} (29... Rc2) 30.
Qc3 $6 {[%eval -83,0] Inaccuracy. Qe4 was best.} (30. Qe4) 30... Rxa2 $2 {
[%eval 0,0] Mistake. Re2 was best.} (30... Re2 31. Rde1 Rbb2 32. Rxe2 Rxe2 33.
Rf5 Qh6 34. Bxe5 dxe5 35. Bxe6 fxe6 36. Rf1 Qe3+ 37. Qxe3) 31. Rf5 {[%eval 0,0]
} Qh6 {[%eval 0,0]} 32. Bxe5 {[%eval 0,0]} dxe5 {[%eval 0,0]} 33. Qxe5 {
[%eval 0,0]} Rd2 {[%eval 0,0]} 34. Rxd2 {[%eval 0,0]} Qxd2 {[%eval 0,0]} 35.
Bxe6 {[%eval 0,0]} Rb1+ {[%eval 0,0]} 36. Rf1 {[%eval 0,0]} Rxf1+ {[%eval 0,0]}
37. Kxf1 {[%eval 0,0]} Qd1+ {[%eval 0,0]} 38. Kf2 {[%eval 0,0]} Qd2+ {[%eval 0,
0]} 39. Kf3 {[%eval 0,0]} Qd3+ {[%eval 0,0]} 40. Kg2 {[%eval 0,0]} Qd2+ {
[%eval 0,0]} 41. Kf3 {[%eval 0,0]} Qd3+ {[%eval 0,0]} 42. Kg2 {[%eval 0,0]}
Qd2+ 1/2-1/2

[Event "37th Reykjavik op"]
[Site "Reykjavik ISL"]
[Date "2024.03.20"]
[Round "8.16"]
[White "Prraneeth, Vuppala"]
[Black "Bjorn, Thorfinnsson"]
[WhiteElo "2506"]
[BlackElo "2353"]
[Result "1-0"]
[EventDate "2024.03.15"]
[PlyCount "63"]

1. e4 {[%eval 13,0]} e5 {[%eval 17,0]} 2. Nf3 {[%eval 21,0]} Nf6 {[%eval 25,0]}
3. Nxe5 {[%eval 24,0]} Nxe4 {[%eval 75,0]} 4. Qe2 {[%eval 75,0]} Qe7 {[%eval
49,0]} 5. Qxe4 {[%eval 73,0]} d6 {[%eval 83,0]} 6. d4 {[%eval 67,0]} dxe5 {
[%eval 51,0]} 7. dxe5 {[%eval 58,0]} Nc6 {[%eval 74,0]} 8. Bf4 {[%eval 24,0]}
g5 {[%eval 31,0]} 9. Bd2 {[%eval 27,0]} Bg7 $2 {[%eval 168,0] Mistake. f5 was
best.} (9... f5 10. Qf3 Qxe5+ 11. Qe2 Qxe2+ 12. Bxe2 Be6 13. Nc3 Rg8 14. O-O-O
O-O-O 15. Rhe1 Bc5 16. Bd3) 10. Nc3 {[%eval 166,0]} Bxe5 {[%eval 172,0]} 11.
Nd5 {[%eval 183,0]} Qd6 {[%eval 218,0]} 12. Bxg5 {[%eval 221,0]} f5 {[%eval
247,0]} 13. Qf3 {[%eval 228,0]} Bxb2 $6 {[%eval 313,0] Inaccuracy. h6 was best.
} (13... h6 14. Be3 Be6 15. O-O-O O-O-O 16. Nb6+ axb6 17. Rxd6 Rxd6 18. Bd3 Kb8
19. a3 f4 20. Bxf4) 14. Rd1 {[%eval 308,0]} Qe6+ {[%eval 383,0]} 15. Be2 {
[%eval 397,0]} Be5 {[%eval 309,0]} 16. O-O {[%eval 309,0]} O-O {[%eval 307,0]}
17. Bc4 {[%eval 356,0]} Kh8 {[%eval 308,0]} 18. Rfe1 {[%eval 364,0]} Qg6 {
[%eval 372,0]} 19. Bf4 {[%eval 324,0]} Qg7 {[%eval 298,0]} 20. Qe3 {[%eval 467,
0]} Re8 {[%eval 469,0]} 21. Bh6 {[%eval 447,0]} Qf7 {[%eval 475,0]} 22. Bf4 $2
{[%eval 284,0] Mistake. Nb4 was best.} (22. Nb4 Qxc4 23. Nxc6 Bxh2+ 24. Kxh2
Rxe3 25. Rd8+ Qg8 26. Bxe3 Qxd8 27. Nxd8 Kg8 28. Bf4 Bd7) 22... Qg7 {[%eval
445,0]} 23. Bh6 {[%eval 406,0]} Qf7 {[%eval 502,0]} 24. Nb6 $6 {[%eval 302,0]
Inaccuracy. Nb4 was best.} (24. Nb4 Qxc4 25. Nxc6 Bxh2+ 26. Kxh2 Rxe3 27. Rd8+
Qg8 28. Rxe3 a6 29. Rxg8+ Kxg8 30. Ne5 Be6) 24... Qh5 {[%eval 306,0]} 25. Bf4 {
[%eval 308,0]} axb6 {[%eval 309,0]} 26. Rd8 {[%eval 301,0]} Ra5 {[%eval 288,0]}
27. Qf3 $4 {[%eval 0,0] Blunder. Bd5 was best.} (27. Bd5 h6 28. Bxe5+ Kh7 29.
Rxe8 Qxe8 30. Bxc6 bxc6 31. Qf4 Rd5 32. h3 Qe7 33. Re3 c5) 27... Qg6 {[%eval 0,
0]} 28. Rxe8+ {[%eval 0,0]} Qxe8 {[%eval 12,0]} 29. Qg3 $4 {[%eval -29,0]
Blunder. Bd5 was best.} (29. Bd5 Qe7) 29... Bd7 $6 {[%eval 85,0] Inaccuracy.
Rc5 was best.} (29... Rc5 30. Bb3 Bd7 31. Bg5 Kg7 32. f4 Bd4+ 33. Kf1 Qg6 34.
Qd3 Rc3 35. Re7+ Kf8 36. Qe2) 30. Bg5 {[%eval 9,0]} Qg6 $4 {[%eval 394,0]
Blunder. Kg7 was best.} (30... Kg7 31. f4 Bd4+ 32. Kf1 Qh5 33. Qd3 Be8 34. Re6
Qxh2 35. Bh6+ Qxh6 36. Rxh6 Kxh6 37. Bb5) 31. Rxe5 {[%eval 395,0]} Rxe5 $4 {
[%eval 32764,0] Checkmate is now unavoidable. h6 was best.} (31... h6 32. Rxa5
bxa5 33. Bf6+ Kh7 34. Qxc7 Qxf6 35. Qxd7+ Ne7 36. Qxb7 Kg6 37. Qc7 Nc6 38. g3)
32. Bf6+ {[%eval 32766,0]} 1-0

[Event "37th Reykjavik op"]
[Site "Reykjavik ISL"]
[Date "2024.03.20"]
[Round "8.17"]
[White "Moksh Amit, Doshi"]
[Black "Larkin, Vladyslav"]
[WhiteElo "2353"]
[BlackElo "2450"]
[Result "0-1"]
[EventDate "2024.03.15"]
[PlyCount "90"]

1. d4 {[%eval 17,0]} d6 {[%eval 48,0]} 2. Nf3 {[%eval 46,0]} Bg4 {[%eval 89,0]}
3. c4 {[%eval 94,0]} Nf6 {[%eval 81,0]} 4. Nc3 {[%eval 87,0]} g6 {[%eval 65,0]}
5. g3 {[%eval 94,0]} Bxf3 {[%eval 101,0]} 6. exf3 {[%eval 96,0]} c6 {[%eval 72,
0]} 7. d5 {[%eval 66,0]} Bg7 {[%eval 7,0]} 8. Bh3 {[%eval 58,0]} O-O {[%eval
62,0]} 9. O-O {[%eval 66,0]} Nbd7 {[%eval 69,0]} 10. Be3 {[%eval 35,0]} Nb6 {
[%eval 44,0]} 11. Qd3 {[%eval 17,0]} Nfd7 {[%eval 17,0]} 12. f4 {[%eval 2,0]}
Nc5 {[%eval 15,0]} 13. Qe2 {[%eval 34,0]} Bxc3 {[%eval 17,0]} 14. bxc3 {
[%eval 19,0]} cxd5 {[%eval 26,0]} 15. cxd5 {[%eval 3,0]} Nxd5 {[%eval 37,0]}
16. Bd4 {[%eval 35,0]} Qc7 {[%eval 45,0]} 17. Rfe1 {[%eval 34,0]} Rae8 {
[%eval 26,0]} 18. Rad1 $6 {[%eval 37,0] Inaccuracy. c4 was best.} (18. c4 Nb4
19. Bc3 Nc6 20. f5 e5 21. fxe6 Nxe6 22. Rac1 Ne5 23. Qd1 h5 24. Re3 Nxc4) 18...
Nf6 $6 {[%eval 33,0] Inaccuracy. e5 was best.} (18... e5) 19. f5 {[%eval 28,0]}
Kg7 {[%eval 43,0]} 20. Qd2 {[%eval 47,0]} h6 {[%eval 75,0]} 21. f4 $6 {[%eval
0,0] Inaccuracy. fxg6 was best.} (21. fxg6 fxg6 22. Be6 Kh7 23. Qc2 Nfd7 24. h4
Nxe6 25. Rxe6 Rg8 26. Qb3 Nc5 27. Bxc5 Qxc5) 21... Kh7 {[%eval 49,0]} 22. Qc2
$6 {[%eval 6,0] Inaccuracy. Qe2 was best.} (22. Qe2 b6 23. fxg6+ fxg6 24. f5 g5
25. Bg2 Rf7 26. Qc4 Ref8 27. Re2 Qd7 28. Rde1 d5) 22... e5 {[%eval 5,0]} 23.
fxe6 {[%eval 7,0]} fxe6 {[%eval 2,0]} 24. Bxc5 {[%eval 7,0]} Qxc5+ {[%eval 6,0]
} 25. Qf2 {[%eval 0,0]} Qh5 {[%eval 0,0]} 26. Bf1 {[%eval 0,0]} Ng4 {[%eval 1,
0]} 27. Qe2 {[%eval 27,0]} Qc5+ {[%eval 27,0]} 28. Kg2 {[%eval 48,0]} Nf6 {
[%eval 0,0]} 29. Qb5 {[%eval 0,0]} Qc7 {[%eval 0,0]} 30. c4 $6 {[%eval 67,0]
Inaccuracy. Qb4 was best.} (30. Qb4 d5 31. Rxe6 Rxe6 32. Qxf8 Ng4 33. Kg1 Qb6+
34. Rd4 Qb2 35. Rd2 Qxd2 36. Qf7+ Kh8) 30... e5 {[%eval 68,0]} 31. fxe5 {
[%eval -81,0]} dxe5 {[%eval -94,0]} 32. c5 {[%eval 99,0]} Re7 {[%eval 82,0]}
33. Bc4 $6 {[%eval -52,0] Inaccuracy. Qb4 was best.} (33. Qb4 Nd7 34. Rc1 a5
35. Qa3 Nf6 36. Kg1 e4 37. c6 Ng4 38. Bg2 Rf5 39. h3 Nf6) 33... Rc8 {[%eval
-67,0]} 34. Rc1 {[%eval -52,0]} Kg7 {[%eval -97,0]} 35. Bb3 {[%eval -57,0]} h5
{[%eval -43,0]} 36. Qb4 {[%eval -41,0]} Rd8 {[%eval -15,0]} 37. Rcd1 {[%eval
-181,0]} Qc6+ {[%eval -187,0]} 38. Kg1 {[%eval -183,0]} Rxd1 {[%eval -177,0]}
39. Rxd1 {[%eval -185,0]} Rc7 {[%eval -167,0]} 40. Rc1 {[%eval -181,0]} b6 {
[%eval -178,0]} 41. Rc2 {[%eval -126,0]} bxc5 {[%eval -148,0]} 42. Qc3 $6 {
[%eval -259,0] Inaccuracy. Qe1 was best.} (42. Qe1 Qd6 43. Rc4 e4 44. Qf2 Qd5
45. Qf4 Rd7 46. Qf2 Qd3 47. Qc2 Rd5 48. Ra4 Re5) 42... Qe4 {[%eval -263,0]} 43.
Qa5 $6 {[%eval -478,0] Inaccuracy. Qc4 was best.} (43. Qc4 Rd7 44. Qxe4 Nxe4
45. Re2 Rd4 46. Bc2 Rd2 47. Rxe4 Rxc2 48. Rxe5 Kf6 49. Re8 Rxa2) 43... Rd7 {
[%eval -481,0]} 44. Rxc5 $4 {[%eval -32749,0] Checkmate is now unavoidable.
Rf2 was best.} (44. Rf2 Ng4 45. Qxc5 Nxf2 46. Qxf2 Qd4 47. h4 Qxf2+ 48. Kxf2
Rd3 49. Bc4 Rd2+ 50. Ke3 Rc2) 44... Qe3+ {[%eval -32751,0]} 45. Kh1 {[%eval
-32755,0]} Rd2 $4 {[%eval -529,0] Lost forced checkmate sequence. Ng4 was best.
} (45... Ng4 46. Qd2 Rxd2 47. Rc7+ Kh6 48. Rh7+ Kxh7 49. Bg8+ Kxg8 50. a3 Rxh2#
) 0-1

[Event "37th Reykjavik op"]
[Site "Reykjavik ISL"]
[Date "2024.03.20"]
[Round "8.18"]
[White "Wadsworth, Matthew"]
[Black "Risting, Eivind Olav"]
[WhiteElo "2450"]
[BlackElo "2336"]
[Result "1-0"]
[EventDate "2024.03.15"]
[PlyCount "153"]

1. d4 {[%eval 17,0]} Nf6 {[%eval 16,0]} 2. c4 {[%eval 16,0]} e6 {[%eval 21,0]}
3. Nf3 {[%eval 0,0]} d5 {[%eval 12,0]} 4. Nc3 {[%eval 0,0]} a6 {[%eval 39,0]}
5. c5 {[%eval 16,0]} b6 {[%eval 32,0]} 6. cxb6 {[%eval 2,0]} cxb6 {[%eval 33,0]
} 7. Bf4 {[%eval 27,0]} Bb7 {[%eval 2,0]} 8. e3 {[%eval 25,0]} Nbd7 {[%eval 47,
0]} 9. h3 {[%eval 42,0]} Be7 {[%eval 37,0]} 10. Bd3 {[%eval 38,0]} b5 {[%eval
38,0]} 11. a4 {[%eval 37,0]} b4 {[%eval 42,0]} 12. Na2 {[%eval 35,0]} O-O {
[%eval 33,0]} 13. Nc1 {[%eval 33,0]} a5 {[%eval 39,0]} 14. O-O {[%eval 33,0]}
Qb6 {[%eval 35,0]} 15. Nb3 {[%eval 3,0]} Rfc8 {[%eval 33,0]} 16. Qe2 {[%eval 4,
0]} Ne4 {[%eval 54,0]} 17. Ne5 {[%eval 58,0]} Nxe5 {[%eval 54,0]} 18. Bxe5 {
[%eval 56,0]} f6 {[%eval 8,0]} 19. Bf4 {[%eval 86,0]} Bf8 {[%eval 73,0]} 20. f3
{[%eval 8,0]} Nd6 {[%eval 76,0]} 21. Nc5 {[%eval 75,0]} Nf7 {[%eval 72,0]} 22.
Nd7 {[%eval 75,0]} Qd8 {[%eval 74,0]} 23. Nxf8 {[%eval 72,0]} Qxf8 {[%eval 93,
0]} 24. Rac1 {[%eval 86,0]} Qe8 {[%eval 94,0]} 25. b3 {[%eval 91,0]} e5 {
[%eval 92,0]} 26. dxe5 {[%eval 101,0]} fxe5 {[%eval 98,0]} 27. Bh2 {[%eval 8,0]
} Qe6 {[%eval 9,0]} 28. Qb2 $6 {[%eval 14,0] Inaccuracy. Bg3 was best.} (28.
Bg3 h6 29. Kh2 h5 30. Qb2 Qb6 31. Bf5 Re8 32. f4 Ba6 33. Rf2 e4) 28... Qb6 {
[%eval 21,0]} 29. Kf2 {[%eval 28,0]} d4 {[%eval 26,0]} 30. Rxc8+ {[%eval 71,0]}
Rxc8 {[%eval 6,0]} 31. Re1 $6 {[%eval -58,0] Inaccuracy. Rc1 was best.} (31.
Rc1 Rc3) 31... dxe3+ {[%eval -64,0]} 32. Kg1 $2 {[%eval -132,0] Mistake. Rxe3
was best.} (32. Rxe3 Rc3 33. Qd2 Bd5 34. Kf1 Qc7 35. f4 Bxb3 36. fxe5 Be6 37.
Kg1 Qd7 38. Bg3 Qxa4) 32... Rc3 {[%eval -193,0]} 33. Bc4 $6 {[%eval -224,0]
Inaccuracy. Qb1 was best.} (33. Qb1 g6) 33... e2+ {[%eval -234,0]} 34. Kh1 {
[%eval -228,0]} Rxf3 {[%eval -201,0]} 35. Qxe2 {[%eval -213,0]} Rf2 {[%eval
-232,0]} 36. Qg4 {[%eval -294,0]} Bxg2+ {[%eval -236,0]} 37. Qxg2 {[%eval -291,
0]} Rxg2 {[%eval -225,0]} 38. Kxg2 {[%eval -249,0]} Qg6+ $4 {[%eval 0,0]
Blunder. Qc6+ was best.} (38... Qc6+ 39. Kg1 Qg6+ 40. Kh1 Kh8 41. Rf1 Qc6+ 42.
Kg1 Qc5+ 43. Kg2 Ng5 44. Rf5 Qc6+ 45. Kf2) 39. Bg3 {[%eval 0,0]} h5 {[%eval 0,
0]} 40. Rf1 {[%eval 0,0]} Kh7 {[%eval 0,0]} 41. Bxf7 {[%eval 0,0]} Qe4+ {
[%eval 0,0]} 42. Rf3 {[%eval 0,0]} Qe2+ {[%eval 9,0]} 43. Bf2 {[%eval 24,0]}
Kh6 $6 {[%eval 133,0] Inaccuracy. h4 was best.} (43... h4) 44. Re3 {[%eval 136,
0]} Qb2 {[%eval 126,0]} 45. Bc4 {[%eval 126,0]} g5 {[%eval 103,0]} 46. Re2 {
[%eval 137,0]} Qc3 {[%eval 182,0]} 47. Bg3 {[%eval 146,0]} g4 {[%eval 109,0]}
48. hxg4 {[%eval 178,0]} hxg4 {[%eval 192,0]} 49. Rxe5 {[%eval 146,0]} Kg6 $6 {
[%eval 241,0] Inaccuracy. Qf3+ was best.} (49... Qf3+ 50. Kh2 Qc3 51. Bf4+ Kg6
52. Re3 Qh8+ 53. Kg3 Qh3+ 54. Kf2 Qh1 55. Be6 Kf6 56. Bxg4) 50. Rxa5 {[%eval
243,0]} Qc2+ {[%eval 227,0]} 51. Bf2 {[%eval 218,0]} Qe4+ {[%eval 211,0]} 52.
Kg1 {[%eval 232,0]} Qb1+ {[%eval 235,0]} 53. Kh2 {[%eval 202,0]} Qc2 {[%eval
211,0]} 54. Kg3 {[%eval 207,0]} Qe4 {[%eval 225,0]} 55. Bd5 {[%eval 214,0]}
Qd3+ $6 {[%eval 301,0] Inaccuracy. Qf5 was best.} (55... Qf5 56. Rc5 Kf6 57. a5
Ke7 58. a6 Qd3+ 59. Kxg4 Qe2+ 60. Kg3 Qxa6 61. Bc4 Qg6+ 62. Kf4) 56. Kxg4 {
[%eval 312,0]} Qf5+ {[%eval 312,0]} 57. Kg3 {[%eval 302,0]} Qg5+ {[%eval 296,0]
} 58. Kf3 {[%eval 308,0]} Qf6+ {[%eval 308,0]} 59. Kg2 {[%eval 298,0]} Qg5+ {
[%eval 301,0]} 60. Bg3 {[%eval 273,0]} Qd2+ {[%eval 301,0]} 61. Kh3 {[%eval
207,0]} Qh6+ {[%eval 265,0]} 62. Kg4 {[%eval 277,0]} Qh5+ {[%eval 272,0]} 63.
Kf4 {[%eval 259,0]} Qf5+ {[%eval 302,0]} 64. Ke3 {[%eval 298,0]} Qg5+ {[%eval
348,0]} 65. Bf4 {[%eval 339,0]} Qg1+ {[%eval 303,0]} 66. Ke4 {[%eval 326,0]}
Qe1+ {[%eval 323,0]} 67. Be3 {[%eval 345,0]} Qb1+ {[%eval 306,0]} 68. Ke5 {
[%eval 365,0]} Qf5+ {[%eval 358,0]} 69. Kd4 {[%eval 352,0]} Qf6+ {[%eval 358,0]
} 70. Kd3 {[%eval 412,0]} Qc3+ {[%eval 376,0]} 71. Ke2 {[%eval 364,0]} Qb2+ {
[%eval 367,0]} 72. Bd2 {[%eval 383,0]} Qe5+ {[%eval 382,0]} 73. Kd3 {[%eval
374,0]} Qg3+ {[%eval 383,0]} 74. Be3 {[%eval 367,0]} Qd6 {[%eval 434,0]} 75.
Rb5 {[%eval 422,0]} Kf5 {[%eval 473,0]} 76. a5 {[%eval 454,0]} Kg4 {[%eval 416,
0]} 77. Bd4 1-0